000 00535nam a2200133Ia 4500
008 160809s9999 xx 000 0 und d
100 _aKabli, Fatima.
245 _aSimilarity Analysis of DNA Sequences Based on the Chemical Properties of Nucleotide Bases, Frequency and Position of Group Mutations
245 _cFatima KABLI, Reda Mohamed HAMOU and Abdelmalek AMINE.
260 _bComputer Science and Information Technology
260 _cJanuary 2016
650 _xINFORMATION TECHNOLOGY
856 _uhttp://airccse.org/V6N48.html
999 _c300045
_d300045